000 04565nam a22004217a 4500
005 20120517150424.0
010 _aB-485413-428
020 _a9780143414513
_c175.00
035 _aB-485413-428
037 _bके.के.पब्लिकेशंस
082 _a
100 _aवैद, कृष्ण बलदेव
_953588
245 _aप्रवास गंगा :
_bपाँच लम्बी कहानियाँ /
_cकृष्ण बलदेव वैद
260 _aनई दिल्ली
_bपेंगुइन बुक्स
_c2010
270 _a11, कम्युनिटी सैंटर, पंचशील पार्क,
_bनई दिल्ली
_e110017
300 _a206पृ.
_c20सेमी (अजिल्द)
700 _aनोतानी, मनोहर
_947316
700 _aअनिल सिंह
_947317
942 _2ddc
_cHN
_h
_mगुरच
999 _c66831
_d66831